Loading...
റെഡ് സല്യൂട്ട് (Red Salute)
| Hovedforfatter: | |
|---|---|
| Format: | Printed Book |
| Udgivet: |
Kottayam
D.C.Books
2015
|
| Fag: |
| LEADER | 00587nam a22001457a 4500 | ||
|---|---|---|---|
| 999 | |c 33841 |d 33841 | ||
| 020 | |a 9788126453160 | ||
| 082 | |a M320.532 |b PEA/R | ||
| 100 | |a പിയേഴ്സണ്, എൻ.എം (Pearson,N.M) | ||
| 245 | |a റെഡ് സല്യൂട്ട് (Red Salute) | ||
| 260 | |a Kottayam |b D.C.Books |c 2015 | ||
| 300 | |a 256p. | ||
| 650 | |a politics-india |a Communism-Indian politics |a Leftist politics-kerala |a Marxism | ||
| 942 | |c BK | ||
| 952 | |0 0 |1 0 |4 0 |6 M_320_532000000000000_PEA_R |7 0 |9 35809 |a KUCL |c M |d 2015-07-25 |g 240.00 |l 5 |m 4 |o M320.532 PEA/R |p 39887 |r 2019-10-16 |s 2019-09-02 |y BK | ||